| 000 | 00626cam a2200217 a 4500 | ||
|---|---|---|---|
| 008 | |||
| 020 | _a0582312787 (pbk) | ||
| 049 | _aMAIN | ||
| 090 |
_aQH323.5 _bENN |
||
| 100 | 1 | _aEnnos, Roland. | |
| 245 | 1 | 0 |
_aStatistical and data handling skills in biology / _cRoland Ennos. |
| 260 |
_aHarlow : _bPrentice Hall, _c2000. |
||
| 300 |
_aix, 132 p. : _bill. ; _c24 cm. |
||
| 504 | _aIncludes bibliographical references. | ||
| 650 | 0 | _aBiometry. | |
| 907 |
_a.b1021494x _b30-11-12 _c20-09-06 |
||
| 003 | |||
| 005 | 20230123134247.0 | ||
| 040 | _cNUST | ||
| 942 |
_cBOOKS _kQH323.5 _mENN |
||
| 999 |
_c162828 _d162828 |
||